Chicken soup for American idol soul. (Record no. 8760)

000 -LEADER
fixed length control field 00589nam a22001697a 4500
008 - FIXED-LENGTH DATA ELEMENTS--GENERAL INFORMATION
fixed length control field 151014b xxu||||| |||| 00| 0 eng d
020 ## - INTERNATIONAL STANDARD BOOK NUMBER
International Standard Book Number 9780757307348
050 ## - LIBRARY OF CONGRESS CALL NUMBER
Classification number BF 637 .C45A35 2005
100 ## - MAIN ENTRY--PERSONAL NAME
Personal name Canfield, Jack.
Dates associated with a name 2005.
245 ## - TITLE STATEMENT
Title Chicken soup for American idol soul.
Statement of responsibility, etc. Jack Canfield; Mark Victor Hansen; Debra Halpren Poneman.
260 ## - PUBLICATION, DISTRIBUTION, ETC. (IMPRINT)
Place of publication, distribution, etc. USA;
Name of publisher, distributor, etc. Health communications,
Date of publication, distribution, etc. 2005.
300 ## - PHYSICAL DESCRIPTION
Extent xx, 313 p.; 22 cm
650 ## - SUBJECT ADDED ENTRY--TOPICAL TERM
Topical term or geographic name as entry element American idol.
700 ## - ADDED ENTRY--PERSONAL NAME
Personal name Hansen, Mark Victor.
700 ## - ADDED ENTRY--PERSONAL NAME
Personal name Poneman, Debra Halperin.
942 ## - ADDED ENTRY ELEMENTS (KOHA)
Source of classification or shelving scheme
Koha item type Hard Covered Materials
Classification part BF 637 .C45A35 2005
Holdings
Withdrawn status Lost status Source of classification or shelving scheme Damaged status Not for loan Home library Current library Date acquired Source of acquisition Total Checkouts Full call number Barcode Date last seen Price effective from Koha item type
          MACHAKOS UNIVERSITY LIBRARY MACHAKOS UNIVERSITY LIBRARY 14/10/2015 Donation(B.F.A)   BF 637 .C45A35 2005 15608 31/05/2019 14/10/2015 Hard Covered Materials
© Machakos University Library, Along The Highway, Machakos Wote Rd, Machakos, Kenya P.O. Box 136 - 90100 Machakos - Kenya

Tel: ( +254 ) 723 805829 OR Fax : 044-20353 OR Email: library@mksu.ac.ke